1985 la France face au choc dun futur
Đã lưu trong:
| 格式: | 圖書 |
|---|---|
| 語言: | Undetermined |
| 出版: |
Paris
Armand Colin
1972
|
| 主題: | |
| 標簽: |
添加標簽
沒有標簽, 成為第一個標記此記錄!
|
| Thư viện lưu trữ: | Trung tâm Học liệu Trường Đại học Cần Thơ |
|---|
| LEADER | 00486nam a2200181Ia 4500 | ||
|---|---|---|---|
| 001 | CTU_87768 | ||
| 008 | 210402s9999 xx 000 0 und d | ||
| 082 | |a 338.9 | ||
| 082 | |b O.58 | ||
| 245 | 0 | |a 1985 la France face au choc dun futur | |
| 260 | |a Paris | ||
| 260 | |b Armand Colin | ||
| 260 | |c 1972 | ||
| 650 | |a France,France | ||
| 650 | |x Economic policy,Economic conditions | ||
| 650 | |y 1945-,1945- | ||
| 904 | |i Trúc | ||
| 980 | |a Trung tâm Học liệu Trường Đại học Cần Thơ | ||